30 Most Famous Cities in Iraq on a Map - Statistics

General Stats
  • This quiz has been taken 102 times
  • The average score is 11 of 31
Answers on the Map
Answers color-coded by a green-red scale on the quiz's map according to % correct below.
 
Answer Stats
Wiki Monthly Views Cityquiz Mention Rate Population Answers % Correct
170.49K 63.05% 6719.48K Baghdad
99%
80.94K 24.04% 1361.82K Mosul
95%
45.78K 18.69% 1340.83K Basra
92%
59.68K 12.03% 879.07K Erbil
88%
27.74K 6.57% 972.27K Kirkuk
72%
24.71K 2.91% 747.26K Najaf
55%
28.09K 2.63% 676.49K Sulaymaniyah
53%
31.00K 4.22% 250.88K Fallujah
47%
49.53K 3.23% 711.53K Karbala
47%
28.04K 5.66% 144.77K Samarra
43%
6.53K 0.75% 389.38K Kut
39%
17.36K 2.72% 108.96K Tikrit
35%
11.10K 1.14% 558.45K Nasiriyah
33%
4.06K 1.30% 527.47K Amarah
32%
11.89K 1.53% 223.53K Ramadi
32%
14.81K 0.96% 455.74K Hillah
28%
7.25K 0.28% 211.96K Zakho
28%
5.17K 0.60% 279.13K Baqubah
24%
12.13K 0.89% 340.87K Duhok
23%
4.66K 0.31% 49.78K Umm Qasr
20%
3.62K 0.21% 403.80K Al Diwaniyah
19%
13.41K 0.56% 40.63K Sinjar
19%
3.88K 0.20% 300.75K Az Zubayr
17%
4.10K 0.43% 221.74K Samawah
17%
9.39K 0.30% 67.19K Halabja
16%
31.12K 0.61% 171.31K Kufa
16%
5.74K 0.47% 189.00K Abu Ghraib
13%
4.39K - 51.54K Khanaqin
12%
5.25K - 11.00K Amedi
11%
6.26K - 172.45K Tal Afar
9%
7.98K - 28.24K Al-Mada'in
5%
No matching quizzes found
Score Distribution
Percent of People with Each Score
Percentile by Number Answered
Your Score History
You have not taken this quiz